| 000 | 00508nam a2200133Ia 4500 | ||
|---|---|---|---|
| 003 | GCL | ||
| 008 | 140319s9999 xx 000 0 ara d | ||
| 040 |
_aGCL / _cGCL |
||
| 082 | 0 | 4 |
_a398.9924 _bس ا |
| 100 | 1 | _aسيد سليمان عليان | |
| 245 | 1 | 0 |
_aامثال واقوال فى حياة اليهود : دراسة لغوية تحليلية مقارنة بالفصحى والعامية / _cسيد سليمان عليان |
| 300 | _a290 ص | ||
| 490 |
_aالهيئة العامة للاستعلامات _v0 |
||
| 999 |
_c48307 _d48307 |
||